Catholic University of Zimbabwe Library
Online Public Access Catalogue
(OPAC)

Oceanic New York (Record no. 27009)

MARC details
000 -LEADER
fixed length control field 04108cam a22004934a 4500
001 - CONTROL NUMBER
control field muse87172
003 - CONTROL NUMBER IDENTIFIER
control field MdBmJHUP
005 - DATE AND TIME OF LATEST TRANSACTION
control field 20210127151801.0
006 - FIXED-LENGTH DATA ELEMENTS--ADDITIONAL MATERIAL CHARACTERISTICS
fixed length control field m o d
007 - PHYSICAL DESCRIPTION FIXED FIELD--GENERAL INFORMATION
fixed length control field cr||||||||nn|n
008 - FIXED-LENGTH DATA ELEMENTS--GENERAL INFORMATION
fixed length control field 200729r20202015nyu o 00 0 eng d
020 ## - INTERNATIONAL STANDARD BOOK NUMBER
International Standard Book Number 9780692496916
035 ## - SYSTEM CONTROL NUMBER
System control number (OCoLC)1181773638
040 ## - CATALOGING SOURCE
Original cataloging agency MdBmJHUP
Transcribing agency MdBmJHUP
043 ## - GEOGRAPHIC AREA CODE
Geographic area code n-us-ny
050 #4 - LIBRARY OF CONGRESS CALL NUMBER
Classification number NA9053.W38
Item number O24 2015
082 0# - DEWEY DECIMAL CLASSIFICATION NUMBER
Classification number 553.7
245 00 - TITLE STATEMENT
Title Oceanic New York
Statement of responsibility, etc. edited by Steve Mentz.
264 #1 - PRODUCTION, PUBLICATION, DISTRIBUTION, MANUFACTURE, AND COPYRIGHT NOTICE
Name of producer, publisher, distributor, manufacturer Project Muse,
264 #3 - PRODUCTION, PUBLICATION, DISTRIBUTION, MANUFACTURE, AND COPYRIGHT NOTICE
Name of producer, publisher, distributor, manufacturer Project MUSE,
300 ## - PHYSICAL DESCRIPTION
Extent 1 online resource (xvi, 208 pages) :
Other physical details illustrations
500 ## - GENERAL NOTE
General note Issued as part of book collections on Project MUSE.
504 ## - BIBLIOGRAPHY, ETC. NOTE
Bibliography, etc. note Includes bibliographical references and index.
505 0# - FORMATTED CONTENTS NOTE
Formatted contents note Silent Beaches / Elizabeth Albert -- "Miss Newtown Creek" / Granville Ganter -- Arctic-Oceanic New York / Lowell Duckert -- #bottlesNbones tales of oceanic remains / Jamie Skye Bianco -- Groundswell / Alison Kinney -- City in the sea / Bailey Robertson -- Insensate oysters and our nonconsensual existence / Karl Steel -- Super ocean / Matt Zazzarino -- A short history of the Hudsonian Ice Age / Nancy Nowacek and Lowell Duckert -- Wages of water / Steve Mentz -- Instructions in case of immersion / Steve Mentz and Marina Zurkow -- The sea is a conveyance-machine / Jeffrey Jerome Cohen -- Nine soundings / Allan Mitchell -- New York, oceanic city / Dean Kritikos -- Oceanic valuation / Anne Harris -- Tourism, experience, knowledge, action / Julie Orlemanski -- Watery metaphor / Jonathan Hsy -- Building a bridge by hand to cross Buttermilk Channel on foot / Nancy Nowacek -- Oceanic dispatches / Jeffrey Jerome Cohen and Allan Mitchell.
506 0# - RESTRICTIONS ON ACCESS NOTE
Terms governing access Open Access
Standardized terminology for access restriction Unrestricted online access
Source of term star
520 ## - SUMMARY, ETC.
Summary, etc. This volume comprises a three-fold object, Book and Ocean and New York City. If this Book were Ocean, how would it feel between your fingers? Wet and slippery, just a bit warmer or colder than the air around it, since the Ocean is our planet's greatest reservoir of heat, a sloshing insulator and incubator girdling our globe. If its pages were New York City, how would they abrade your imagination? Human and teeming, endlessly humming along with that same old tune. Imagine that these three things were one thing. All together: Book and Ocean and New York City. During the long historical pause between the day the last sailing ship docked at South Street and that day in October 2012 when Hurricane Sandy brought the waves back in fury, New York turned its back on the sea. This Book remembers that the City was founded on Ocean, peopled by its currents, grew rich on its traffic. The storm taught what we should never have forgotten: under New York's asphalt lies not beach but Ocean.Oceanic New York salvages the City's salt-water past and present. It takes inspiration from Elizabeth Albert's gorgeous exhibition of historical artifacts and contemporary art, "Silent Beaches, Untold Stories: New York City's Forgotten Waterfront," which was on display at St. John's University in Queens in Autumn 2013. Buoyed up by art, the Book plunges into the urban and oceanic. "Circumambulate the city of a dreamy Sabbath afternoon," entices our friend Ishmael. "Nothing will content [us] but the extremest limit of the land."
588 ## - SOURCE OF DESCRIPTION NOTE
Source of description note Description based on print version record.
650 #0 - SUBJECT ADDED ENTRY--TOPICAL TERM
Topical term or geographic name entry element Waterfronts in literature.
650 #0 - SUBJECT ADDED ENTRY--TOPICAL TERM
Topical term or geographic name entry element Waterfronts
Geographic subdivision New York (State)
-- New York.
651 #0 - SUBJECT ADDED ENTRY--GEOGRAPHIC NAME
Geographic name New York (N.Y.)
Form subdivision Fiction.
651 #0 - SUBJECT ADDED ENTRY--GEOGRAPHIC NAME
Geographic name New York (N.Y.)
Form subdivision In art.
655 #0 - INDEX TERM--GENRE/FORM
Genre/form data or focus term Electronic books.
655 #7 - INDEX TERM--GENRE/FORM
Genre/form data or focus term Electronic books.
Source of term local
700 1# - ADDED ENTRY--PERSONAL NAME
Personal name Mentz, Steve,
Relator term editor.
710 2# - ADDED ENTRY--CORPORATE NAME
Corporate name or jurisdiction name as entry element Project Muse,
Relator term distributor.
776 18 - ADDITIONAL PHYSICAL FORM ENTRY
Relationship information Print version:
International Standard Book Number 9780692496916
710 2# - ADDED ENTRY--CORPORATE NAME
Corporate name or jurisdiction name as entry element Project Muse.
Relator term distributor
830 #0 - SERIES ADDED ENTRY--UNIFORM TITLE
Uniform title Book collections on Project MUSE.
856 40 - ELECTRONIC LOCATION AND ACCESS
Public note Full text available:
Uniform Resource Identifier <a href="https://muse.jhu.edu/book/76487/">https://muse.jhu.edu/book/76487/</a>
Holdings
Withdrawn status Lost status Source of classification or shelving scheme Damaged status Not for loan Home library Current library Shelving location Date acquired Total Checkouts Full call number Date last seen Uniform Resource Identifier Price effective from Koha item type
          Digital Library Digital Library Online Access 27.01.2021   NA9053.W38 O24 2015 27.01.2021 https://muse.jhu.edu/book/76487/ 27.01.2021 eBook

OPENING HOURS

Weekdays: 0815hrs - 1800hrs
Weekends:0900hrs - 1200hrs

Closed for Mass:

Mon, Thur: 1200hrs - 1300hrs
Sunday & Public Holiday’s

CALL SUPPORT

0242-570570, 0242-570169
09200664, +263 8644140602

LOCATION

18443, Cranborne Avenue, Hatfield, Harare

Other Links


©2021 | CUZ Library